000
00407nam a2200145Ia 4500
008
090124s9999 xx 000 0 und d
082
_b
206101
245
_a
अचरज भरी खोजें
250
_a
1
260
_b
शरण अंजलि
_c
2002
300
_a
56
630
_a
अचरज भरी खोजें
730
_a
अचरज भरी खोजें
942
_c
BOOK
999
_c
187685
_d
187685